| 000 | 00000nas 2200000za 4500 |
| 001 | 9.826786 |
| 003 | CaOODSP |
| 005 | 20221107144648 |
| 007 | cr ||||||||||| |
| 008 | 161102d19611983oncar p oss f0###b0fre|d |
| 022 | |y0384-4935 |
| 040 | |aCaOODSP|bfre |
| 041 | |aeng|afre |
| 043 | |an-cn--- |
| 086 | 1 |aCS41-214-PDF |
| 245 | 00|aSmelting and refining |h[ressource électronique]. |
| 246 | 13|aFonte et affinage des métaux|f1966 |
| 246 | 13|aFonte et affinage|f1967-1983 |
| 260 | |a[Ottawa] : |bDominion Bureau of Statistics, Industry Division, |c1963-1985. |
| 310 | |aAnnuel |
| 362 | 0 |a1961-1983. |
| 500 | |aÉdition numérisée de l’imprimé [par Statistique Canada]. |
| 500 | |aLes livr. de 1963-1983 publiées dans la coll.: Annual census of manufactures. |
| 520 | |aStatistiques principales des industries métallurgiques non ferreuses, y compris nombre d'entreprises, nombre d'usines, employés et salaires, valeur des produits et coûts d'exploitation. |
| 546 | |aTexte en anglais seulement, 1961-1965; texte en anglais et en français, 1966-1983. |
| 550 | |aPublié 1964-1969 par la Division des industries manufacturières et primaires; 1970-1978 par Statistique Canada, Division des industries manufacturières et primaires; 1979-1982 par la Section des machines, du bois et des produits en métal; 1983 par la Division de l'industrie, Section du recensement des manufactures. |
| 692 | 07|2gccst|aIndustrie métallurgique |
| 692 | 07|2gccst|aStatistique |
| 710 | 1 |aCanada. |bBureau fédéral de la statistique. |bDivision de l'industrie. |
| 710 | 1 |aCanada. |bBureau fédéral de la statistique. |bDivision des industries manufacturières et primaires. |
| 710 | 1 |aCanada. |bStatistique Canada. |bSection du recensement des manufactures. |
| 710 | 1 |aCanada. |bStatistique Canada. |bSection des machines, du bois et des produits en métal. |
| 710 | 1 |aCanada. |bStatistique Canada. |bDivision des industries manufacturières et primaires. |
| 791 | |tSmelting and refining |eeng|w(CaOODSP)9.826783 |